Real Madrid squad 2021/22 - Statistics

General Stats
  • This quiz has been taken 159 times
  • The average score is 22 of 27
Answer Stats
# Position Nation Player % Correct
1 GK Belgium Thibaut Courtois
100%
10 MF Croatia Luka Modrić
96%
2 DF Spain Dani Carvajal
95%
4 DF Austria David Alaba
95%
8 MF Germany Toni Kroos
95%
Manager Manager Italy Carlo Ancelotti
94%
9 FW France Karim Benzema
94%
7 FW Belgium Eden Hazard
93%
3 DF Brazil Éder Militão
93%
15 MF Uruguay Federico Valverde
93%
18 FW Wales Gareth Bale
91%
14 MF Brazil Casemiro
90%
20 FW Brazil Vinícius Júnior
88%
12 DF Brazil Marcelo
87%
11 FW Spain Marco Asensio
86%
13 GK Ukraine Andriy Lunin
85%
23 DF France Ferland Mendy
85%
21 FW Brazil Rodrygo
85%
16 FW Serbia Luka Jović
81%
25 MF France Eduardo Camavinga
78%
24 FW Dominican Republic Mariano Díaz
75%
22 MF Spain Isco
73%
6 DF Spain Nacho Fernández
72%
17 DF Spain Lucas Vázquez
71%
5 DF Spain Jesús Vallejo
70%
19 MF Spain Dani Ceballos
63%
35 DF Spain Miguel Gutiérrez
10%
No matching quizzes found
Score Distribution
Percent of People with Each Score
Percentile by Number Answered
Your Score History
You have not taken this quiz